[Event "ESP-chT Rapid"]
[Site "Toledo"]
[Date "2022.09.25"]
[Round "9"]
[White "Eizaguerri Floris, Maria"]
[Black "Shirov, Alexei"]
[Result "0-1"]
[WhiteElo "2159"]
[BlackElo "2673"]
[PlyCount "106"]
[EventDate "2022.09.24"]
[EventType "team-swiss (rapid)"]
[EventRounds "9"]
[EventCountry "ESP"]
[SourceTitle "CBM 210 Extra"]
[Source "ChessBase"]
[SourceDate "2022.11.30"]
[SourceVersion "1"]
[SourceVersionDate "2022.11.30"]
[SourceQuality "1"]
[WhiteTeam "Helios"]
[BlackTeam "Silla 60 Aniversario"]
[WhiteTeamCountry "ESP"]
[BlackTeamCountry "ESP"]

1. e4 c5 2. Nf3 d6 3. Bb5+ Nd7 4. Ba4 Ngf6 5. 0-0 e6 6. Re1 a6 7. c4 Be7 8. d4 cxd4 9. Nxd4 Qc7 10. Qe2 b6 11. Nc3 Bb7 12. f3 Rc8 13. Bxd7+ Nxd7 14. b3 b5 15. Bb2 bxc4 16. Rac1 0-0 17. bxc4 Ne5 18. f4 Nxc4 19. Nd1 d5 20. exd5 Bxd5 21. Ne3 Bf6 22. Nxd5 exd5 23. Qf2 Qb6 24. Ba1 Nd6 25. Nb3 Qxf2+ 26. Kxf2 Bxa1 27. Rxc8 Rxc8 28. Nxa1 Kf8 29. Rd1 Ne4+ 30. Ke3 Nc3 31. Rd2 Ke7 32. Nb3 Kd6 33. Kd3 Na4 34. Nd4 Rc3+ 35. Ke2 g6 36. Nf3 Rc4 37. g3 f6 38. Kd3 Nc5+ 39. Ke2 Ne4 40. Rb2 Ra4 41. Rb6+ Kc5 42. Rb2 Ra3 43. Ne1 Kc4 44. Rc2+ Nc3+ 45. Kd2 Rxa2 46. Rxa2 Nxa2 47. Nd3 Nb4 48. Nf2 a5 49. Ng4 a4 50. Kc1 a3 51. Nxf6 Kc3 52. Kb1 a2+ 53. Ka1 Kd4 0-1

[Event "Wch U18 Girls"]
[Site "Mamaia"]
[Date "2022.09.12"]
[Round "7"]
[White "Eizaguerri Floris, Maria"]
[Black "Mkrtchyan, Mariam"]
[Result "0-1"]
[WhiteElo "2159"]
[BlackElo "2294"]
[PlyCount "136"]
[EventDate "2022.09.06"]
[EventType "swiss"]
[EventRounds "11"]
[EventCountry "ROU"]
[SourceTitle "CBM 210 Extra"]
[Source "ChessBase"]
[SourceDate "2022.11.30"]
[SourceVersion "1"]
[SourceVersionDate "2022.11.30"]
[SourceQuality "1"]

1. e4 e5 2. Nf3 Nc6 3. Bc4 Bc5 4. c3 Nf6 5. d3 0-0 6. 0-0 d5 7. exd5 Nxd5 8. Nbd2 Nb6 9. Bb5 Bd6 10. Re1 Bg4 11. Ne4 Kh8 12. h3 Bh5 13. Ng3 Bg6 14. a4 a6 15. Bxc6 bxc6 16. Nxe5 Bxe5 17. Rxe5 Bxd3 18. Qg4 Nd7 19. Re1 c5 20. Nh5 Rg8 21. Bg5 f6 22. Nf4 c4 23. Rad1 Re8 24. Ne6 Rxe6 25. Qxe6 fxg5 26. Qf7 Nc5 27. a5 h6 28. Re7 Qf8 29. Qxf8+ Rxf8 30. Rxc7 Nb3 31. Re1 Nxa5 32. Ree7 Rg8 33. Re6 Ra8 34. Ree7 Rg8 35. Re6 Nb3 36. Rxa6 Kh7 37. Raa7 Kg6 38. Ra6+ Kh7 39. Raa7 Nc1 40. Kh2 Ne2 41. g3 Kh8 42. Kg2 Nc1 43. Kg1 Nb3 44. f4 gxf4 45. gxf4 Nd2 46. Kf2 Ne4+ 47. Ke3 Nd6 48. Rd7 Nf5+ 49. Kf3 Re8 50. Rf7 Re3+ 51. Kg2 Rg3+ 52. Kh2 Be4 53. h4 Rg4 54. Rac7 Rxh4+ 55. Kg1 Rg4+ 56. Kh2 Bd3 57. Rxc4 Bxc4 58. Rxf5 g6 59. Rc5 Rxf4 60. Kg3 g5 61. b4 Bf1 62. Re5 Rc4 63. Re3 Rc6 64. Kg4 Kg7 65. Kf5 Bc4 66. Re7+ Bf7 67. b5 Rc5+ 68. Re5 Rxc3 0-1

[Event "EU-chT (Women) 23rd"]
[Site "Terme Catez"]
[Date "2021.11.21"]
[Round "9.3"]
[White "Sandu, Mihaela"]
[Black "Eizaguerri Floris, Maria"]
[Result "1-0"]
[WhiteElo "2244"]
[BlackElo "2328"]
[PlyCount "109"]
[EventDate "2021.11.12"]
[EventType "team-swiss"]
[EventRounds "9"]
[EventCountry "SLO"]
[SourceTitle "CBM 205"]
[Source "ChessBase"]
[SourceDate "2021.12.31"]
[SourceVersion "1"]
[SourceVersionDate "2021.12.31"]
[SourceQuality "1"]
[WhiteTeam "Romania (W)"]
[BlackTeam "Spain (W)"]
[WhiteTeamCountry "ROU"]
[BlackTeamCountry "ESP"]

1. e4 c5 2. Nf3 d6 3. d4 cxd4 4. Nxd4 Nf6 5. Nc3 a6 6. Be2 e5 7. Nf3 Be7 8. 0-0 0-0 9. Bg5 Nbd7 10. Bc4 b5 11. Bb3 Bb7 12. Re1 Rc8 13. Re2 Rc7 14. Bxf6 Nxf6 15. Nd5 Nxd5 16. Bxd5 Bxd5 17. Qxd5 Qc8 18. c3 Rc5 19. Qb3 Qc7 20. Ne1 Rc4 21. Nd3 Qb7 22. Nb4 Bg5 23. Nd5 f5 24. f3 fxe4 25. fxe4 Qa7+ 26. Kh1 Kh8 27. Qd1 Rf7 28. Qg1 Qxg1+ 29. Kxg1 Rc8 30. a4 h5 31. g3 h4 32. Kg2 Rcf8 33. axb5 axb5 34. Ra6 h3+ 35. Kxh3 Rf2 36. Rxf2 Rxf2 37. b4 Re2 38. Kg4 Bh6 39. Kf3 Rxh2 40. Rb6 Rc2 41. Rxb5 Bd2 42. Rb8+ Kh7 43. b5 Rb2 44. c4 Be1 45. Rd8 Rb3+ 46. Ke2 Bxg3 47. Rxd6 Rb2+ 48. Kd3 Bf2 49. b6 g5 50. Rc6 Kg7 51. c5 g4 52. Rc7+ Kg6 53. b7 Bxc5 54. Rc6+ Kg5 55. Nb6 1-0

[Event "EU-chT (Women) 23rd"]
[Site "Terme Catez"]
[Date "2021.11.16"]
[Round "5.3"]
[White "Eizaguerri Floris, Maria"]
[Black "Klek, Hanna Marie"]
[Result "1/2-1/2"]
[WhiteElo "2328"]
[BlackElo "2343"]
[PlyCount "83"]
[EventDate "2021.11.12"]
[EventType "team-swiss"]
[EventRounds "9"]
[EventCountry "SLO"]
[SourceTitle "CBM 205"]
[Source "ChessBase"]
[SourceDate "2021.12.31"]
[SourceVersion "1"]
[SourceVersionDate "2021.12.31"]
[SourceQuality "1"]
[WhiteTeam "Spain (W)"]
[BlackTeam "Germany (W)"]
[WhiteTeamCountry "ESP"]
[BlackTeamCountry "GER"]

1. e4 e5 2. Nf3 Nc6 3. Bb5 a6 4. Ba4 Nf6 5. 0-0 Be7 6. d3 b5 7. Bb3 d6 8. a3 Na5 9. Ba2 c5 10. Nc3 Be6 11. Bg5 Nc6 12. Bxf6 Bxf6 13. Nd5 Rc8 14. a4 Bg5 15. c3 Bh6 16. axb5 axb5 17. Bb3 0-0 18. Qe2 Kh8 19. Ra6 f5 20. exf5 Bxf5 21. Ne3 Bg6 22. Be6 Bxe3 23. fxe3 Rc7 24. Nh4 Bf7 25. Qg4 Bxe6 26. Rxf8+ Qxf8 27. Qxe6 g6 28. Nf3 c4 29. dxc4 bxc4 30. Qxc4 Qc8 31. Qa2 Qf5 32. Ra8+ Kg7 33. h3 Rf7 34. e4 Qf4 35. Qb1 Qe3+ 36. Kh2 Rxf3 37. gxf3 Qf2+ 38. Kh1 Qxf3+ 39. Kh2 Qf2+ 40. Kh1 Qf3+ 41. Kh2 Qf2+ 42. Kh1 1/2-1/2

[Event "Lindores Abbey Blitz Tal Memorial"]
[Site "Riga"]
[Date "2021.11.08"]
[Round "15.58"]
[White "Eizaguerri Floris, Maria"]
[Black "Atalik, Ekaterina"]
[Result "1/2-1/2"]
[WhiteElo "2008"]
[BlackElo "2228"]
[PlyCount "130"]
[EventDate "2021.11.08"]
[EventType "swiss (blitz)"]
[EventRounds "18"]
[EventCountry "LAT"]
[SourceTitle "CBM 205 Extra"]
[Source "ChessBase"]
[SourceDate "2022.01.31"]
[SourceVersion "1"]
[SourceVersionDate "2022.01.31"]
[SourceQuality "1"]

1. e4 c6 2. d4 d5 3. e5 c5 4. dxc5 e6 5. a3 Nc6 6. Nf3 Bxc5 7. b4 Bb6 8. Bb2 Nge7 9. Bd3 Ng6 10. g3 0-0 11. 0-0 Bc7 12. Re1 a5 13. b5 Nb8 14. Nbd2 b6 15. c4 Bb7 16. Rc1 Nd7 17. cxd5 Bxd5 18. Be4 Nc5 19. Bxd5 Qxd5 20. Rc4 Rad8 21. Rd4 Qb7 22. Qe2 a4 23. h4 Ne7 24. Ng5 h6 25. Nge4 Nxe4 26. Nxe4 Nf5 27. Rxd8 Rxd8 28. Qc4 Qb8 29. Nd6 Bxd6 30. exd6 Qxd6 31. Qxa4 Qd2 32. Qb4 Qxb4 33. axb4 Rd5 34. Re5 Rd2 35. Bc3 Rc2 36. Be1 Rc1 37. Kg2 Kf8 38. h5 Ke7 39. g4 Nd4 40. Bd2 Rb1 41. Be3 Rxb4 42. Re4 Nc2 43. Rxb4 Nxb4 44. Bxb6 Nd5 45. Bd4 f6 46. Kf3 Kd6 47. Ke4 Ne7 48. Be3 f5+ 49. gxf5 Nxf5 50. Ba7 Ne7 51. Kd4 g6 52. hxg6 Nxg6 53. Bb8+ Kd7 54. Kc5 Kc8 55. Bd6 Kb7 56. Bg3 h5 57. b6 h4 58. Bh2 e5 59. f3 Nf4 60. Kd6 Nd3 61. Bg1 Ne1 62. Bf2 Nxf3 63. Kd5 h3 64. Bg3 Kxb6 65. Ke4 Nd2+ 1/2-1/2

[Event "Lindores Abbey Blitz Tal Memorial"]
[Site "Riga"]
[Date "2021.11.08"]
[Round "5.57"]
[White "Eizaguerri Floris, Maria"]
[Black "Neiksans, Arturs"]
[Result "0-1"]
[WhiteElo "2008"]
[BlackElo "2560"]
[PlyCount "99"]
[EventDate "2021.11.08"]
[EventType "swiss (blitz)"]
[EventRounds "18"]
[EventCountry "LAT"]
[SourceTitle "CBM 205 Extra"]
[Source "ChessBase"]
[SourceDate "2022.01.31"]
[SourceVersion "1"]
[SourceVersionDate "2022.01.31"]
[SourceQuality "1"]

1. e4 c5 2. Nf3 e6 3. c3 Nf6 4. e5 Nd5 5. d4 cxd4 6. cxd4 d6 7. Bc4 Be7 8. 0-0 0-0 9. Bd2 Nc6 10. Nc3 Nb6 11. Bb3 Na5 12. Bc2 Bd7 13. Qe2 Bc6 14. exd6 Qxd6 15. Rad1 Bxf3 16. Qxf3 Nc6 17. Bf4 Qb4 18. Qe4 g6 19. Bb3 Rad8 20. Be3 Na5 21. Bh6 Rfe8 22. Qe5 Bf8 23. Bxf8 Rxf8 24. Ne4 Nd7 25. Qg5 Nc6 26. Rd3 Qe7 27. Qh6 Rfe8 28. Rh3 Nf8 29. Ng5 f6 30. Bxe6+ Nxe6 31. Nxh7 Qg7 32. Qh4 g5 33. Nxf6+ Qxf6 34. Qh7+ Kf8 35. Rh6 Qf7 36. Qe4 Rxd4 37. Rh8+ Ke7 38. Rxe8+ Qxe8 39. Qh7+ Qf7 40. Qh8 Kd7 41. Qa8 Ned8 42. b4 Rxb4 43. Rd1+ Rd4 44. Rxd4+ Nxd4 45. Qxa7 Qc4 46. h3 Ne2+ 47. Kh2 Qf4+ 48. g3 Qf3 49. Qa4+ Nc6 50. Qd4+ 0-1

[Event "Lindores Abbey Blitz Tal Memorial"]
[Site "Riga"]
[Date "2021.11.08"]
[Round "1.58"]
[White "Kovalev, Vladislav"]
[Black "Eizaguerri Floris, Maria"]
[Result "1-0"]
[WhiteElo "2573"]
[BlackElo "2008"]
[PlyCount "163"]
[EventDate "2021.11.08"]
[EventType "swiss (blitz)"]
[EventRounds "18"]
[EventCountry "LAT"]
[SourceTitle "CBM 205 Extra"]
[Source "ChessBase"]
[SourceDate "2022.01.31"]
[SourceVersion "1"]
[SourceVersionDate "2022.01.31"]
[SourceQuality "1"]

1. e4 c5 2. Be2 Nc6 3. d3 e6 4. f4 d5 5. Nf3 Nf6 6. e5 Nd7 7. c3 d4 8. Nbd2 b5 9. Ne4 dxc3 10. bxc3 Bb7 11. 0-0 Be7 12. Be3 Qc7 13. Qe1 0-0 14. Qf2 Nd8 15. Nfd2 Rc8 16. a4 bxa4 17. Rxa4 Bc6 18. Raa1 Bd5 19. Nc4 Bxc4 20. dxc4 Rb8 21. Rfd1 Rb2 22. Bc1 Rb3 23. Bf3 Nc6 24. Be3 Na5 25. Qe2 Rd8 26. Bf2 h6 27. Qa2 Nb6 28. Qxa5 Rxd1+ 29. Rxd1 Qb8 30. Nd2 Rb2 31. Qa1 Nd7 32. Rb1 Rxb1+ 33. Qxb1 Qd8 34. Ne4 Qc7 35. g3 g6 36. Qb5 Kg7 37. h4 a5 38. Kg2 h5 39. Ng5 Bxg5 40. hxg5 Qa7 41. Bc6 Nb8 42. Bxc5 Qc7 43. Bf3 Nd7 44. Bd6 Qa7 45. c5 a4 46. c6 Nb6 47. Ba3 Nc8 48. Qe2 Qb6 49. Bb4 Na7 50. Qa2 Nxc6 51. Qxa4 Nxb4 52. Qxb4 Qe3 53. Qb2 Qe1 54. c4 Qe3 55. Qc2 Qc5 56. Qe2 Qd4 57. Be4 Qc5 58. Qd3 Qb4 59. Qc2 Qc5 60. Kf3 Qg1 61. c5 Qf1+ 62. Ke3 Qe1+ 63. Kd4 Qxg3 64. c6 Qg1+ 65. Kd3 Qf1+ 66. Kd4 Qg1+ 67. Kc4 Qf1+ 68. Kb4 Qe1+ 69. Kb5 Qf1+ 70. Bd3 Qxf4 71. c7 Qxe5+ 72. Ka4 Qd4+ 73. Qc4 Qa7+ 74. Kb3 Qb6+ 75. Kc3 Qa5+ 76. Kc2 Qxg5 77. c8Q Qg2+ 78. Be2 Qg5 79. Qc3+ e5 80. Q8c5 f6 81. Qe7+ Kh6 82. Qf8+ 1-0

[Event "FIDE Grand Swiss (Women)"]
[Site "Riga"]
[Date "2021.11.03"]
[Round "7"]
[White "Kamalidenova, Meruert"]
[Black "Eizaguerri Floris, Maria"]
[Result "1-0"]
[WhiteElo "2339"]
[BlackElo "2328"]
[PlyCount "107"]
[EventDate "2021.10.27"]
[EventType "swiss"]
[EventRounds "11"]
[EventCountry "LAT"]
[SourceTitle "CBM 205"]
[Source "ChessBase"]
[SourceDate "2021.12.31"]
[SourceVersion "1"]
[SourceVersionDate "2021.12.31"]
[SourceQuality "1"]

1. e4 c5 2. Nf3 e6 3. d4 cxd4 4. Nxd4 Nc6 5. Nc3 a6 6. g4 Qc7 7. Be3 d6 8. Qd2 Nf6 9. f3 Be7 10. 0-0-0 Nd7 11. f4 0-0 12. g5 b5 13. Nxc6 Qxc6 14. Bg2 Bb7 15. Rhg1 b4 16. Ne2 Rfc8 17. Kb1 Nc5 18. Bxc5 Qxc5 19. Nd4 a5 20. f5 e5 21. Nb3 Qc4 22. f6 Bf8 23. fxg7 Bxg7 24. Qd3 Qc6 25. Bh3 Ba6 26. Qd2 Rc7 27. Bf5 a4 28. Nc1 b3 29. cxb3 axb3 30. Nxb3 Bc4 31. Nc1 Rca7 32. b3 Qb5 33. Qb2 Be6 34. Bxe6 fxe6 35. Rxd6 Bf8 36. Rxe6 Ba3 37. Qxe5 Qxe5 38. Rxe5 Bxc1 39. Rxc1 Rxa2 40. Rc8+ Rxc8 41. Kxa2 Rc2+ 42. Ka3 Rxh2 43. b4 Kf7 44. b5 Rh1 45. Kb4 Rb1+ 46. Kc5 Rc1+ 47. Kd6 Rd1+ 48. Kc6 Rc1+ 49. Rc5 Re1 50. b6 Rxe4 51. b7 Re8 52. Kc7 Re7+ 53. Kb6 Re6+ 54. Rc6 1-0

[Event "FIDE Grand Swiss (Women)"]
[Site "Riga"]
[Date "2021.10.31"]
[Round "5"]
[White "February, Jesse Nikki"]
[Black "Eizaguerri Floris, Maria"]
[Result "0-1"]
[WhiteElo "1857"]
[BlackElo "2328"]
[PlyCount "72"]
[EventDate "2021.10.27"]
[EventType "swiss"]
[EventRounds "11"]
[EventCountry "LAT"]
[SourceTitle "CBM 205"]
[Source "ChessBase"]
[SourceDate "2021.12.31"]
[SourceVersion "1"]
[SourceVersionDate "2021.12.31"]
[SourceQuality "1"]

1. e4 c5 2. Nf3 e6 3. Nc3 Nc6 4. d4 cxd4 5. Nxd4 a6 6. f4 Qc7 7. Nf3 d6 8. Bd3 Nf6 9. h3 b5 10. a3 Bb7 11. Be3 Be7 12. Qe2 Rc8 13. Qf2 Nd7 14. 0-0 Na5 15. f5 0-0 16. Qg3 Bf6 17. Bg5 exf5 18. exf5 Rfe8 19. Rad1 Qb6+ 20. Kh1 d5 21. Bxb5 axb5 22. Nxd5 Bxd5 23. Rxd5 Bxg5 24. Nxg5 Nf6 25. Rd6 Rc6 26. Rfd1 Nc4 27. R6d4 Ne3 28. Ne6 fxe6 29. Qxe3 exf5 30. Qb3+ Kh8 31. Qf7 Rce6 32. Kh2 R6e7 33. Qb3 Re3 34. Qb4 Qc7+ 35. Kg1 Re2 36. Qxb5 Qg3 0-1

[Event "FIDE Grand Swiss (Women)"]
[Site "Riga"]
[Date "2021.10.29"]
[Round "3"]
[White "Milliet, Sophie"]
[Black "Eizaguerri Floris, Maria"]
[Result "1/2-1/2"]
[WhiteElo "2410"]
[BlackElo "2328"]
[PlyCount "116"]
[EventDate "2021.10.27"]
[EventType "swiss"]
[EventRounds "11"]
[EventCountry "LAT"]
[SourceTitle "CBM 205"]
[Source "ChessBase"]
[SourceDate "2021.12.31"]
[SourceVersion "1"]
[SourceVersionDate "2021.12.31"]
[SourceQuality "1"]

1. d4 d5 2. c4 e6 3. Nf3 Nf6 4. Nc3 Be7 5. Bf4 c6 6. e3 0-0 7. Qc2 Nbd7 8. h3 b6 9. cxd5 exd5 10. Bd3 Bb7 11. 0-0 Rc8 12. Ne5 h6 13. Nxd7 Nxd7 14. Bf5 Ra8 15. Rfd1 Nf6 16. Rac1 Re8 17. e4 Nh5 18. Be3 Bg5 19. e5 Bxe3 20. fxe3 Qg5 21. Qf2 Bc8 22. Bxc8 Raxc8 23. Kh2 g6 24. Rf1 Qe7 25. e4 dxe4 26. Nxe4 Red8 27. g4 Ng7 28. Nf6+ Kf8 29. Nh7+ Kg8 30. Nf6+ Kf8 31. Qf4 g5 32. Qe4 Ne8 33. Qh7 Nxf6 34. Rxf6 Ke8 35. Qg8+ Qf8 36. Qxf8+ Kxf8 37. e6 Ke7 38. Rxf7+ Kxe6 39. Rxa7 Kd5 40. Rh7 Rd6 41. Rb7 Ra8 42. Rxb6 Rxa2 43. Rb4 Re6 44. Rc5+ Kd6 45. Rc2 Ra5 46. Rbc4 Kd5 47. Kg2 Rb5 48. b4 Rb8 49. Rc5+ Kxd4 50. R2c4+ Kd3 51. Rc3+ Kd4 52. Rxc6 Rxc6 53. Rxc6 Rxb4 54. Rxh6 Rb2+ 55. Kf3 Rb3+ 56. Kf2 Rb2+ 57. Kf3 Rb3+ 58. Kf2 Rb2+ 1/2-1/2

[Event "WchT (Women) Pool-A"]
[Site "Sitges"]
[Date "2021.09.29"]
[Round "5.1"]
[White "Fataliyeva, Ulviyya Hasil Qizi"]
[Black "Eizaguerri Floris, Maria"]
[Result "1-0"]
[WhiteElo "2277"]
[BlackElo "2328"]
[PlyCount "91"]
[EventDate "2021.09.27"]
[EventType "team-tourn (rapid)"]
[EventRounds "5"]
[EventCountry "ESP"]
[SourceTitle "CBM 204 Extra"]
[Source "ChessBase"]
[SourceDate "2021.11.30"]
[SourceVersion "1"]
[SourceVersionDate "2021.11.30"]
[SourceQuality "1"]
[WhiteTeam "Azerbaijan (W)"]
[BlackTeam "Spain (W)"]
[WhiteTeamCountry "AZE"]
[BlackTeamCountry "ESP"]

1. d4 d5 2. c4 e6 3. Nc3 Nf6 4. Nf3 c6 5. e3 Nbd7 6. Be2 Bd6 7. 0-0 0-0 8. b3 b6 9. Bb2 Bb7 10. Bd3 Qe7 11. Re1 Rac8 12. Rc1 c5 13. e4 dxe4 14. Nxe4 Nxe4 15. Bxe4 Bxe4 16. Rxe4 Nf6 17. Re1 cxd4 18. Nxd4 Bb4 19. Re3 Rfd8 20. Qf3 Qc5 21. Nxe6 fxe6 22. Bxf6 Rf8 23. Re5 Qd4 24. Qb7 gxf6 25. Rh5 Qd3 26. Rh3 Qxh3 27. gxh3 Rce8 28. Qxa7 Bc5 29. Rd1 Rf7 30. Rd7 Rxd7 31. Qxd7 Re7 32. Qd8+ Kf7 33. a3 Re8 34. Qc7+ Re7 35. Qc6 f5 36. b4 Bd4 37. Qd6 e5 38. c5 bxc5 39. bxc5 f4 40. a4 f3 41. c6 Bb6 42. Qd5+ Re6 43. a5 Bc7 44. Qxf3+ Ke7 45. Qd5 e4 46. Qd7+ 1-0

[Event "WchT (Women) Pool-A"]
[Site "Sitges"]
[Date "2021.09.28"]
[Round "4.1"]
[White "Eizaguerri Floris, Maria"]
[Black "Sargsyan, Anna M"]
[Result "0-1"]
[WhiteElo "2328"]
[BlackElo "2402"]
[PlyCount "66"]
[EventDate "2021.09.27"]
[EventType "team-tourn (rapid)"]
[EventRounds "5"]
[EventCountry "ESP"]
[SourceTitle "CBM 204 Extra"]
[Source "ChessBase"]
[SourceDate "2021.11.30"]
[SourceVersion "1"]
[SourceVersionDate "2021.11.30"]
[SourceQuality "1"]
[WhiteTeam "Spain (W)"]
[BlackTeam "Armenia (W)"]
[WhiteTeamCountry "ESP"]
[BlackTeamCountry "ARM"]

1. e4 e5 2. Nf3 Nc6 3. Bb5 a6 4. Ba4 Nf6 5. 0-0 Nxe4 6. d4 b5 7. Bb3 d5 8. dxe5 Be6 9. Nbd2 Be7 10. c3 0-0 11. Bc2 f5 12. exf6 Nxf6 13. a4 b4 14. Re1 Bg4 15. h3 Bh5 16. Nf1 Bc5 17. Be3 Bxe3 18. Rxe3 d4 19. cxd4 Bxf3 20. Rxf3 Nxd4 21. Rd3 c5 22. Bb3+ Kh8 23. Rc1 Qb6 24. Nd2 Rae8 25. Nc4 Qb8 26. Ne3 Ne4 27. Ng4 Nxf2 28. Nxf2 Ne2+ 29. Kh1 Nxc1 30. Qxc1 Rxf2 31. Rd1 Qg3 32. Bd5 Rfe2 33. Rg1 Re1 0-1

[Event "ESP-chT CECLUB Div2"]
[Site "Linares"]
[Date "2021.08.12"]
[Round "5.2"]
[White "Eizaguerri Floris, Maria"]
[Black "Perdomo Araujo, Angel Eduardo"]
[Result "1-0"]
[WhiteElo "2301"]
[BlackElo "2025"]
[PlyCount "57"]
[EventDate "2021.08.09"]
[EventType "team-swiss"]
[EventRounds "7"]
[EventCountry "ESP"]
[SourceTitle "CBM 203 Extra"]
[Source "ChessBase"]
[SourceDate "2021.09.30"]
[SourceVersion "1"]
[SourceVersionDate "2021.09.30"]
[SourceQuality "1"]
[WhiteTeam "Silla Bosch Serinsys II"]
[BlackTeam "Villalba 64 Miscasa"]
[WhiteTeamCountry "ESP"]
[BlackTeamCountry "ESP"]

1. e4 d5 2. exd5 Qxd5 3. Nc3 Qd6 4. d4 Nf6 5. Nf3 c6 6. Ne5 Nbd7 7. f4 Nb6 8. g4 Be6 9. Bg2 g6 10. 0-0 Rd8 11. f5 gxf5 12. gxf5 Bc4 13. Nxc4 Nxc4 14. b3 Nb6 15. Ne2 Nbd5 16. h3 Nh5 17. c4 Ndf6 18. Qd3 Rg8 19. Rf3 e5 20. fxe6 fxe6 21. Qe3 Rd7 22. Bb2 Rdg7 23. Rf2 Rg6 24. Kh1 Bh6 25. Qf3 Nf4 26. Nxf4 Bxf4 27. d5 exd5 28. Qxf4 Qxf4 29. Rxf4 1-0